ব্যবহারিক পদার্থ-বিজ্ঞান / (Record no. 39817)
[ view plain ]
| 000 -LEADER | |
|---|---|
| fixed length control field | 00980nam a2200253 a 4500 |
| 001 - CONTROL NUMBER | |
| control field | 39817 |
| 003 - CONTROL NUMBER IDENTIFIER | |
| rucl marc code | BD-RjUL |
| 005 - DATE AND TIME OF LATEST TRANSACTION | |
| control field | 20211209053050.0 |
| 008 - FIXED-LENGTH DATA ELEMENTS--GENERAL INFORMATION | |
| fixed length control field | 160418s1981 bg a|||| |||| 00| 0 ben d |
| 020 ## - INTERNATIONAL STANDARD BOOK NUMBER | |
| Terms of availability | : TK. 60.00 |
| 035 ## - SYSTEM CONTROL NUMBER | |
| System control number | (BD-RjUL)39930 |
| 040 ## - CATALOGING SOURCE | |
| Original cataloging agency | BD-RjUL |
| Language of cataloging | ben |
| Transcribing agency | BD-RjUL |
| 041 ## - LANGUAGE CODE | |
| Language code of text/sound track or separate title | ben |
| 082 ## - DEWEY DECIMAL CLASSIFICATION NUMBER | |
| Edition number | 23 |
| Classification number | 530.028 |
| Author mark and year | CHB 1981 |
| 100 ## - MAIN ENTRY--PERSONAL NAME | |
| Personal name | চৌধুরী, ছদরুদ্দিন আহমদ |
| 9 (RLIN) | 122645 |
| 245 10 - TITLE STATEMENT | |
| Title | ব্যবহারিক পদার্থ-বিজ্ঞান / |
| Statement of responsibility, etc. | ছদরুদ্দিন আহমদ চৌধুরী |
| 260 ## - PUBLICATION, DISTRIBUTION, ETC. (IMPRINT) | |
| Place of publication, distribution, etc. | ঢাকা : |
| Name of publisher, distributor, etc. | বাংলা একাডেমী, |
| Date of publication, distribution, etc. | ১৯৮১ |
| 300 ## - PHYSICAL DESCRIPTION | |
| Pagination | [১১], ৫৭১ পৃ. : |
| Illustrations | চিএ ; |
| Size | ২১ সেমি. |
| 490 ## - SERIES STATEMENT | |
| Series statement | বা/এ ; |
| Volume/sequential designation | ১১৫৮ |
| 650 ## - SUBJECT ADDED ENTRY--TOPICAL TERM | |
| Topical term or geographic name as entry element | Physics |
| General subdivision | Experimental |
| 9 (RLIN) | 122646 |
| Topical term or geographic name as entry element | পদার্থবিজ্ঞান |
| General subdivision | পরীক্ষা |
| 9 (RLIN) | 122647 |
| 830 ## - SERIES ADDED ENTRY--UNIFORM TITLE | |
| Uniform title | বা/এ ; |
| Volume number/sequential designation | ১১৫৮ |
| 942 ## - ADDED ENTRY ELEMENTS (KOHA) | |
| Source of classification or shelving scheme | Dewey Decimal Classification |
| Koha item type | Books |
| Lost status | Source of classification or shelving scheme | Damaged status | Not for loan | Collection code | Permanent Location | Current Location | Shelving location | Date acquired | Source of acquisition | Cost, normal purchase price | Total Checkouts | Full call number | Date last seen | Copy number | Koha item type |
|---|---|---|---|---|---|---|---|---|---|---|---|---|---|---|---|
| Dewey Decimal Classification | Not For Loan | Non-fiction | Central Library, University of Rajshahi | Central Library, University of Rajshahi | 21/07/1983 | Aligar Library , Rajshahi | 60.00 | B 530.028 CHB 1981 | 18/04/2016 | C-2 | Books | ||||
| Dewey Decimal Classification | Non-fiction | Central Library, University of Rajshahi | Central Library, University of Rajshahi | 21/07/1983 | Aligor library,rajshahi | 60.00 | B 530.028 CHB 1981 | 24/04/2016 | C-3 | Books | |||||
| Dewey Decimal Classification | Non-fiction | Central Library, University of Rajshahi | Central Library, University of Rajshahi | 20/07/1983 | Aligor Library, Rajshahi | 60.00 | B 530.028 CHB 1981 | 18/07/2016 | C-4 | Books | |||||
| Dewey Decimal Classification | Non-fiction | Central Library, University of Rajshahi | Central Library, University of Rajshahi | 21/07/1983 | Alighor library, Rajshahi. | 60.00 | B 530.028 CHB 1981. | 16/08/2016 | C-5 | Books | |||||
| Dewey Decimal Classification | Non-fiction | Central Library, University of Rajshahi | Central Library, University of Rajshahi | 21/07/1983 | Alighor library, Rajshahi. | 60.00 | B 530.028 CHB 1981. | 16/08/2016 | C-6 | Books | |||||
| Dewey Decimal Classification | Non-fiction | Central Library, University of Rajshahi | Central Library, University of Rajshahi | 21/07/1983 | Alighor library, Rajshahi. | 60.00 | B 530.028 CHB 1981 | 16/08/2016 | C-7 | Books | |||||
| Dewey Decimal Classification | Non-fiction | Central Library, University of Rajshahi | Central Library, University of Rajshahi | 21/07/1983 | Alighor library, Rajshahi. | 60.00 | B 530.028 CHB 1981. | 17/08/2016 | C-8 | Books | |||||
| Dewey Decimal Classification | Non-fiction | Central Library, University of Rajshahi | Central Library, University of Rajshahi | 21/07/1983 | Aligor Library, Rajshahi | 60.00 | B 530.028 CHB 1981. | 19/09/2016 | C-10 | Books | |||||
| Dewey Decimal Classification | Not For Loan | Non-fiction | Central Library, University of Rajshahi | Central Library, University of Rajshahi | Reading Room | 21/07/1983 | Aligor Library, Rajshahi | 60.00 | B 530.028 CHB 1981 | 24/09/2016 | C-1 | Books | |||
| Dewey Decimal Classification | Non-fiction | Central Library, University of Rajshahi | Central Library, University of Rajshahi | 21/07/1983 | Aligarh library, Rajshahi | 60.00 | B 530.028 CHB 1981 | 22/11/2016 | C-9 | Books |